[Event "Budapest FS07 GM"]
[Site "Budapest"]
[Date "1996.??.??"]
[Round "10"]
[White "Malakhov, Vladimir"]
[Black "Petronijevic, Zoran"]
[Result "1-0"]
[WhiteElo "2515"]
[BlackElo "2400"]
[PlyCount "77"]
[EventDate "1996.07.??"]
[Source "ChessBase"]

1. e4 e5 2. Nf3 Nf6 3. Nc3 Bb4 4. Nxe5 O-O 5. Be2 Re8 6. Nd3 Bxc3 7. dxc3 Nxe4 8. O-O d5 9. Nf4 c6 10. Be3 Nd7 11. c4 Ndf6 12. cxd5 Nxd5 13. Nxd5 cxd5 14. Qd4 Be6 15. Rad1 Qa5 16. a3 a6 17. c4 Rad8 18. Bf3 Nf6 19. c5 Rd7 20. Bd2 Qc7 21. Bf4 Qc6 22. h3 Ne4 23. Rc1 Bf5 24. Bd1 Qg6 25. Kh2 Ng5 26. Rc3 Re4 27. Qd2 Ne6 28. Bd6 Rd4 29. Qc1 Be4 30. Rg3 Qf6 31. Qc3 Qh6 32. f4 Bf5 33. Bb3 Rd8 34. Re1 Re4 35. Bxd5 Nxc5 36. Qxc5 Rxe1 37. Qc7 Ra8 38. Qxf7+ Kh8 39. Bf8 1-0

[Event "SWE-ch"]
[Site "Orebro"]
[Date "2000.07.12"]
[Round "10"]
[White "Hector, Jonny"]
[Black "Ingbrandt, Johan"]
[Result "1-0"]
[WhiteElo "2509"]
[BlackElo "2402"]
[PlyCount "113"]
[EventDate "2000.07.02"]
[Source "ChessBase"]
[SourceDate "2000.09.14"]

1. e4 e5 2. Nf3 Nf6 3. Nc3 Bb4 4. Nxe5 O-O 5. Be2 Re8 6. Nd3 Bxc3 7. dxc3 Nxe4 8. Nf4 c6 9. O-O d5 10. c4 d4 11. a4 Na6 12. Ra3 Nac5 13. a5 h6 14. f3 Nf6 15. b4 Ne6 16. Nd3 Nf8 17. Bb2 Bf5 18. Nc5 b6 19. Nb3 Qe7 20. axb6 axb6 21. Rxa8 Rxa8 22. Nxd4 Qxb4 23. Nxf5 Qxb2 24. Ne7+ Kh8 25. Nxc6 Ne6 26. Qb1 Qc3 27. Qxb6 Qxc2 28. Qe3 Ra2 29. Re1 Qb2 30. Bf1 Nd7 31. Re2 Qa3 32. Qxa3 Rxa3 33. Nd8 Nxd8 34. Re8+ Kh7 35. Rxd8 Nc5 36. Rd5 Ne6 37. Kf2 g5 38. Rd3 Ra2+ 39. Ke3 Kg7 40. Rc3 Ra5 41. Bd3 f5 42. Kd2 Kf6 43. Bc2 f4 44. Rd3 h5 45. Kc3 Re5 46. Rd2 g4 47. Be4 h4 48. Bd5 Re3+ 49. Rd3 Rxd3+ 50. Kxd3 g3 51. hxg3 Nc5+ 52. Kd4 fxg3 53. f4 Nb3+ 54. Ke3 Kf5 55. Bb7 Kf6 56. Bc8 Na5 57. c5 1-0

[Event "Jonsson Mem Open, Reykjavik ISL"]
[Site "?"]
[Date "2001.??.??"]
[Round "5"]
[White "Hector, J."]
[Black "Gunnarsson, J."]
[Result "1-0"]
[WhiteElo "2525"]
[BlackElo "2385"]
[PlyCount "99"]
[EventDate "2001.??.??"]
[Source "www.chesslib.no"]
[SourceDate "2004.05.04"]

1. e4 e5 2. Nf3 Nf6 3. Nc3 Bb4 4. Nxe5 O-O 5. Be2 Re8 6. Nd3 Bxc3 7. dxc3 Nxe4 8. Nf4 d6 9. O-O Nd7 10. c4 Nf8 11. f3 Nf6 12. Rf2 Ng6 13. Nxg6 hxg6 14. Bg5 Qe7 15. Qd2 Qe5 16. Rb1 a5 17. Bd3 Qc5 18. c3 a4 19. b4 axb3 20. axb3 Bd7 21. b4 Qb6 22. c5 dxc5 23. Be3 Qe6 24. Bxc5 b6 25. Re2 Qd5 26. c4 Rxe2 27. Qxe2 Qe6 28. Bf2 Qxe2 29. Bxe2 Ra2 30. Bf1 Rc2 31. Bg3 c5 32. Bc7 cxb4 33. Bxb6 Be6 34. Rxb4 Nd7 35. Bd4 Kf8 36. h4 f6 37. Ra4 Ke7 38. Bf2 Rc1 39. Be3 Rc2 40. Bf4 Bf5 41. Ra7 Be6 42. Rc7 Bf5 43. g4 Be6 44. Bd3 Rc3 45. Be2 Kf8 46. Kf1 Rb3 47. Bd6+ Kg8 48. c5 Rb1+ 49. Kf2 Rb2 50. c6 1-0

[Event "Pardubice Open"]
[Site "Pardubice CZE"]
[Date "1995.??.??"]
[Round "?"]
[White "Pedzich, Dominik"]
[Black "Klovans, Janis"]
[Result "1/2-1/2"]
[WhiteElo "2410"]
[BlackElo "2500"]
[PlyCount "54"]
[EventDate "1995.07.??"]
[Source "www.chesslib.no"]
[SourceDate "2004.05.04"]

1. e4 e5 2. Nf3 Nf6 3. Nc3 g6 4. d4 exd4 5. Nxd4 Bg7 6. Be3 Nc6 7. Qd2 O-O 8. O-O-O d6 9. f3 Nxd4 10. Bxd4 Be6 11. Be3 Re8 12. Bh6 Bxh6 13. Qxh6 Qe7 14. h4 Qf8 15. Qg5 Qg7 16. g4 a6 17. Qd2 b5 18. a3 Rab8 19. g5 Nh5 20. Qd4 Qxd4 21. Rxd4 f6 22. Bh3 Nf4 23. Bxe6+ Nxe6 24. Rd3 fxg5 25. hxg5 Nf4 26. Rd2 Rbd8 27. Rdh2 Rd7 1/2-1/2

[Event "Tallinn"]
[Site "Tallinn"]
[Date "1985.??.??"]
[Round "?"]
[White "Karolyi, Tibor Jr"]
[Black "Kochyev, Alexander"]
[Result "1/2-1/2"]
[WhiteElo "2445"]
[BlackElo "2465"]
[PlyCount "36"]
[EventDate "1985.02.??"]
[Source "ChessBase"]

1. e4 e5 2. Nf3 Nf6 3. Nc3 Bb4 4. Nxe5 O-O 5. Be2 Re8 6. Nd3 Bxc3 7. dxc3 Nxe4 8. O-O d6 9. Be3 Nd7 10. Re1 Ndf6 11. Nf4 Bf5 12. Nd5 Qd7 13. Nxf6+ Nxf6 14. Bd4 Ng4 15. Bxg4 Bxg4 16. Qd2 h6 17. c4 b6 18. Qc3 f6 1/2-1/2

[Event "Bozen op"]
[Site "Bozen"]
[Date "1998.06.14"]
[Round "3"]
[White "Hamdouchi, Hichem"]
[Black "Manca, Federico"]
[Result "1/2-1/2"]
[WhiteElo "2535"]
[BlackElo "2375"]
[PlyCount "49"]
[EventDate "1998.06.13"]
[Source "ChessBase"]
[SourceDate "1998.09.09"]

1. e4 e5 2. Nf3 Nf6 3. Nc3 Bb4 4. Nxe5 O-O 5. Be2 Re8 6. Nd3 Bxc3 7. dxc3 Nxe4 8. O-O d5 9. Nf4 c6 10. Be3 Bf5 11. c4 dxc4 12. Bxc4 Nd7 13. Qh5 Qf6 14. Bd4 Ne5 15. Rad1 g5 16. Bxe5 Rxe5 17. Nd3 Re7 18. Bb3 Qg6 19. Qxg6+ hxg6 20. Rfe1 Rae8 21. f3 Nf6 22. Rxe7 Rxe7 23. g4 Bxd3 24. Rxd3 Rd7 25. Re3 1/2-1/2

[Event "Olympiad"]
[Site "Moscow RUS"]
[Date "1994.??.??"]
[Round "7"]
[White "Sepp, Olav"]
[Black "Zarnicki, Pablo A"]
[Result "1/2-1/2"]
[WhiteElo "2470"]
[BlackElo "2435"]
[PlyCount "54"]
[EventDate "1994.??.??"]
[Source "www.chesslib.no"]
[SourceDate "2004.05.04"]

1. e4 e5 2. Nf3 Nf6 3. Nc3 Bb4 4. Nxe5 O-O 5. Be2 Re8 6. Nd3 Bxc3 7. dxc3 Nxe4 8. Nf4 d6 9. O-O Nd7 10. c4 Ndf6 11. a4 a5 12. Be3 Bf5 13. Bd4 Ng5 14. Ra3 Ne6 15. Nxe6 Rxe6 16. Rg3 Qe7 17. Bd3 Bg6 18. Qf3 Ne4 19. Bxe4 Rxe4 20. Be3 f6 21. c5 dxc5 22. Bxc5 Qf7 23. b3 b6 24. Be3 Rd8 25. h3 Rd6 26. Rg4 Rxg4 27. hxg4 Qd7 1/2-1/2

[Event "Calviá ol (Men)"]
[Site "Mallorca"]
[Date "2004.10.27"]
[Round "12.47"]
[White "Campora, Daniel H"]
[Black "Mikheev, Stanislav"]
[Result "1-0"]
[WhiteElo "2549"]
[BlackElo "2352"]
[PlyCount "111"]
[EventDate "2004.10.15"]
[Source "Roberto Alvarez"]
[SourceDate "2004.10.25"]

1. e4 e5 2. Nf3 Nf6 3. Nc3 Bb4 4. Nxe5 O-O 5. Be2 Re8 6. Nf3 Nxe4 7. Nxe4 Rxe4 8. c3 Bf8 9. O-O d5 10. d4 Bg4 11. h3 Bh5 12. g4 Bg6 13. Ne5 Qh4 14. Bf3 Qxh3 15. Bg2 Qh4 16. Nxg6 hxg6 17. Bxe4 Bd6 18. f4 dxe4 19. Kg2 Qe7 20. c4 c5 21. d5 Nd7 22. g5 a6 23. a4 f6 24. Qg4 f5 25. Qe2 a5 26. Ra3 Kf7 27. Rh3 Qd8 28. Bd2 Qc7 29. Qe3 Rg8 30. Qc3 b6 31. Rh4 Nf8 32. Kf2 Nd7 33. Ke2 Nf8 34. Rfh1 Nd7 35. R4h3 Nf8 36. Rg3 Qd7 37. Qb3 Qc7 38. Qb5 Nd7 39. Rb3 Rb8 40. Kd1 Rd8 41. Kc2 Rb8 42. Qa6 Qc8 43. Qb5 Qc7 44. Kb1 Rd8 45. Ka2 Rb8 46. Rh7 Kg8 47. Rbh3 Nf8 48. Rh8+ Kf7 49. Qb3 Rd8 50. Qg3 Qd7 51. Ka3 Re8 52. Bc3 e3 53. Bxg7 e2 54. Bxf8 Bxf8 55. R3h7+ Bg7 56. Rxg7+ 1-0

[Event "Krasnodar"]
[Site "Krasnodar"]
[Date "1995.??.??"]
[Round "5"]
[White "Gaponenko, Inna"]
[Black "Raetsky, Alexander"]
[Result "1/2-1/2"]
[WhiteElo "2390"]
[BlackElo "2510"]
[PlyCount "47"]
[EventDate "1995.??.??"]
[Source "ChessBase"]

1. e4 e5 2. Nf3 Nf6 3. Nc3 Bb4 4. Bc4 Bxc3 5. dxc3 d6 6. Qe2 Nbd7 7. h3 Nc5 8. Bd3 O-O 9. O-O Re8 10. c4 Bd7 11. b4 Ne6 12. Re1 a5 13. b5 c6 14. c3 Qc7 15. Be3 b6 16. Nd2 cxb5 17. cxb5 d5 18. exd5 Nxd5 19. Bxh7+ Kf8 20. Be4 Nxe3 21. fxe3 Rad8 22. c4 Kg8 23. Rf1 Nf8 24. Bd5 1/2-1/2

[Event "JUG-chT"]
[Site "Tivat"]
[Date "1995.??.??"]
[Round "10"]
[White "Markovic, Miroslav"]
[Black "Pajkovic, Vladimir"]
[Result "1/2-1/2"]
[WhiteElo "2470"]
[BlackElo "2430"]
[PlyCount "81"]
[EventDate "1995.??.??"]
[Source "ChessBase"]

1. e4 e5 2. Nf3 Nf6 3. Nc3 Bb4 4. Bc4 O-O 5. O-O Nxe4 6. Nxe4 d5 7. Bb3 dxe4 8. Nxe5 Bd6 9. Qh5 Qf6 10. d4 exd3 11. Nxd3 Nc6 12. Nc5 Re8 13. Nd3 Nd4 14. Be3 Re4 15. Bxd4 Rxd4 16. Rfe1 Bg4 17. Qb5 Bd7 18. Qxb7 Bc6 19. Qxa8+ Bxa8 20. Re8+ Bf8 21. Rxa8 a6 22. Re1 Rd8 23. Rxd8 Qxd8 24. Ne5 Qd2 25. Bxf7+ Kh8 26. Nf3 Qxc2 27. h4 g6 28. Bb3 Qxb2 29. Ng5 h6 30. Ne6 Bd6 31. g3 a5 32. Re3 Qc1+ 33. Kh2 a4 34. Bxa4 Qf1 35. Rf3 Qe2 36. Rf6 Be7 37. Rxg6 Qxf2+ 38. Kh1 Qe1+ 39. Kh2 Qf2+ 40. Kh1 Qe1+ 41. Kh2 1/2-1/2

[Event "WchT U26"]
[Site "Graz AUT"]
[Date "1981.??.??"]
[Round "?"]
[White "Campora, Daniel H"]
[Black "Schussler, Harry"]
[Result "1-0"]
[WhiteElo "2455"]
[BlackElo "2445"]
[PlyCount "94"]
[EventDate "1981.08.??"]
[Source "www.chesslib.no"]
[SourceDate "2004.05.04"]

1. e4 e5 2. Nf3 Nf6 3. Nc3 Bb4 4. Nxe5 O-O 5. Be2 Re8 6. Nd3 Bxc3 7. dxc3 Nxe4 8. O-O d5 9. Nf4 c6 10. Be3 Nd6 11. Re1 Nd7 12. Bf1 Nf8 13. b3 Bf5 14. f3 Ne6 15. Qd2 Qa5 16. a4 Rad8 17. Nxe6 Rxe6 18. Bd4 Rde8 19. Rxe6 Rxe6 20. Re1 a6 21. g4 Bg6 22. Rxe6 fxe6 23. Qe3 Qd8 24. Qxe6+ Nf7 25. Bd3 Bxd3 26. cxd3 Qd6 27. Qc8+ Qf8 28. Qxb7 Ng5 29. f4 Nf3+ 30. Kg2 Nxd4 31. cxd4 Qxf4 32. Qc8+ Kf7 33. Qd7+ Kf8 34. Qf5+ Qxf5 35. gxf5 Kf7 36. Kf3 Ke7 37. Ke3 Kf7 38. Kf4 Kf6 39. b4 g6 40. fxg6 hxg6 41. h4 Ke6 42. Kg5 Kf7 43. Kh6 Kf6 44. a5 Kf5 45. Kg7 g5 46. hxg5 Kxg5 47. Kf7 Kf4 1-0

[Event "IND-ch"]
[Site "?"]
[Date "1998.??.??"]
[Round "?"]
[White "Saravanan Venkat"]
[Black "Barua Dibyendu"]
[Result "1/2-1/2"]
[WhiteElo "2375"]
[BlackElo "2520"]
[PlyCount "40"]
[EventDate "1998.??.??"]
[Source "www.chesslib.no"]
[SourceDate "2004.05.04"]

1. e4 e5 2. Nf3 Nf6 3. Nc3 Bb4 4. Nxe5 O-O 5. Be2 Re8 6. Nd3 Bxc3 7. dxc3 Nxe4 8. Nf4 d6 9. O-O Nd7 10. c4 Ndf6 11. f3 Nc5 12. b3 Ne6 13. Nxe6 Bxe6 14. Bb2 d5 15. cxd5 Bxd5 16. Bd3 Bc6 17. Re1 Qd6 18. Qd2 h6 19. Rxe8+ Rxe8 20. Re1 Qc5+ 1/2-1/2

[Event "Zlin"]
[Site "?"]
[Date "1996.??.??"]
[Round "8"]
[White "Daniliuk Sergey"]
[Black "Oral Tomas"]
[Result "1/2-1/2"]
[WhiteElo "2447"]
[BlackElo "2448"]
[PlyCount "82"]
[EventDate "1996.??.??"]
[Source "www.chesslib.no"]
[SourceDate "2004.05.04"]

1. e4 e5 2. Nf3 Nf6 3. Nc3 Bb4 4. Nxe5 O-O 5. Be2 d6 6. Nf3 Bxc3 7. dxc3 Nxe4 8. O-O Nd7 9. c4 Ne5 10. Qd4 Nf6 11. Bg5 h6 12. Bh4 Bg4 13. Rfe1 Re8 14. Nxe5 Bxe2 15. Nd3 g5 16. Bg3 Re4 17. Qc3 Bxd3 18. cxd3 Rxe1+ 19. Rxe1 Nh5 20. Qd4 Qd7 21. f3 Re8 22. Kf1 Rxe1+ 23. Bxe1 c5 24. Qe4 Nf4 25. Bc3 f5 26. Qe3 Qe6 27. Qxe6+ Nxe6 28. g4 f4 29. Ke2 Kf7 30. b3 Ke7 31. Bb2 Nd4+ 32. Bxd4 cxd4 33. b4 Kd7 34. Kd2 a6 35. Kc2 Kc7 36. Kb3 b6 37. Ka4 Kb7 38. Kb3 Kc7 39. a3 Kd7 40. a4 a5 41. Ka3 Kc7 1/2-1/2

[Event "Abu Dhabi ADCF Masters"]
[Site "Abu Dhabi"]
[Date "2002.08.13"]
[Round "2"]
[White "Guliev, Logman"]
[Black "Vakhidov, Tahir"]
[Result "1/2-1/2"]
[WhiteElo "2390"]
[BlackElo "2500"]
[PlyCount "77"]
[EventDate "2002.08.12"]
[Source "ChessBase"]
[SourceDate "2002.09.11"]

1. e4 e5 2. Nf3 Nf6 3. Nc3 Bb4 4. Bc4 Bxc3 5. dxc3 d6 6. O-O Nbd7 7. Re1 h6 8. Nh4 g6 9. a4 Nc5 10. Nf3 Be6 11. Bd3 a5 12. h3 Kf8 13. b3 Kg7 14. Ba3 b6 15. c4 Nh5 16. Bb2 Qf6 17. Bf1 Nf4 18. Kh2 Bc8 19. g3 Nfe6 20. h4 Bb7 21. Bd3 Raf8 22. Qe2 Rhg8 23. Qe3 Kh7 24. Rf1 Qg7 25. h5 g5 26. g4 Qf6 27. Rfe1 Qf4+ 28. Qxf4 Nxf4 29. Re3 Nfxd3 30. cxd3 Nxb3 31. Ra3 Nc5 32. Re1 Bc6 33. Rea1 Bd7 34. Kg3 Bc6 35. Ne1 Rd8 36. f3 Ne6 37. Kf2 Nf4 38. Ng2 Nxg2 39. Kxg2 1/2-1/2

[Event "Martinez Acosta B"]
[Site "Martinez Acosta B"]
[Date "1995.??.??"]
[Round "?"]
[White "Craig, Thomas"]
[Black "Bericat, Angel Hugo"]
[Result "1/2-1/2"]
[WhiteElo "2385"]
[BlackElo "2505"]
[PlyCount "27"]
[EventDate "1995.??.??"]
[Source "www.chesslib.no"]
[SourceDate "2004.05.04"]

1. e4 e5 2. Nf3 Nf6 3. Nc3 Bb4 4. Nxe5 O-O 5. Be2 Re8 6. Nd3 Bxc3 7. dxc3 Nxe4 8. Nf4 d6 9. O-O Nd7 10. Be3 Ne5 11. f3 Nf6 12. Bf2 Bf5 13. Bh4 c6 14. Kh1 1/2-1/2

[Event "Eksjo"]
[Site "Eksjo SWE"]
[Date "1983.??.??"]
[Round "?"]
[White "Regan, Kenneth"]
[Black "Schneider, Lars-Ake"]
[Result "1/2-1/2"]
[WhiteElo "2435"]
[BlackElo "2455"]
[PlyCount "47"]
[EventDate "1983.??.??"]
[Source "www.chesslib.no"]
[SourceDate "2004.05.04"]

1. e4 e5 2. Nf3 Nf6 3. Nc3 Bb4 4. Nd5 Nxd5 5. exd5 e4 6. Nd4 c6 7. Bc4 Qf6 8. c3 Bc5 9. d3 Bxd4 10. cxd4 cxd5 11. Bxd5 exd3 12. O-O O-O 13. Qxd3 Nc6 14. Be4 d5 15. Bxd5 Nb4 16. Qb3 Nxd5 17. Qxd5 Rd8 18. Qe5 Qb6 19. d5 Qd6 20. Re1 Qxe5 21. Rxe5 Be6 22. Be3 Rxd5 23. Rxd5 Bxd5 24. Bd4 1/2-1/2

[Event "4th IECC"]
[Site "Istanbul"]
[Date "2003.06.07"]
[Round "8"]
[White "Brendel, Oliver"]
[Black "Meijers, Viesturs"]
[Result "0-1"]
[WhiteElo "2378"]
[BlackElo "2512"]
[PlyCount "80"]
[EventDate "2003.05.30"]
[Source "Roberto Alvarez"]
[SourceDate "2003.06.23"]

1. e4 e5 2. Nf3 Nf6 3. Nc3 Bb4 4. Nxe5 O-O 5. Be2 d6 6. Nd3 Bxc3 7. dxc3 Nxe4 8. O-O h6 9. Nf4 Nc6 10. c4 Bf5 11. f3 Nf6 12. Rf2 Qe7 13. Qd2 Qe5 14. Nd3 Qd4 15. Qf4 Rfe8 16. Bf1 Bxd3 17. Qxd4 Nxd4 18. Bxd3 Re1+ 19. Rf1 Ne2+ 20. Kf2 Rxf1+ 21. Kxf1 Nxc1 22. Rxc1 g6 23. Ke2 Nd7 24. Kd2 f5 25. f4 Kf7 26. Re1 Nf6 27. g3 Ng4 28. h3 Nf6 29. Re3 a5 30. b3 Nd7 31. Bf1 Nc5 32. Bg2 c6 33. a3 Ne6 34. h4 g5 35. hxg5 hxg5 36. fxg5 Rg8 37. Rd3 Ke7 38. Re3 Rxg5 39. Rf3 Nc5 40. Re3+ Kf6 0-1

[Event "4. IECC"]
[Site "?"]
[Date "2003.06.07"]
[Round "8"]
[White "Brendel Oliver"]
[Black "Meijers Viesturs"]
[Result "0-1"]
[WhiteElo "2378"]
[BlackElo "2512"]
[PlyCount "120"]
[EventDate "2003.??.??"]
[Source "www.chesslib.no"]
[SourceDate "2004.05.04"]

1. e4 e5 2. Nf3 Nf6 3. Nc3 Bb4 4. Nxe5 O-O 5. Be2 d6 6. Nd3 Bxc3 7. dxc3 Nxe4 8. O-O h6 9. Nf4 Nc6 10. c4 Bf5 11. f3 Nf6 12. Rf2 Qe7 13. Qd2 Qe5 14. Nd3 Qd4 15. Qf4 Rfe8 16. Bf1 Bxd3 17. Qxd4 Nxd4 18. Bxd3 Re1+ 19. Rf1 Ne2+ 20. Kf2 Rxf1+ 21. Kxf1 Nxc1 22. Rxc1 g6 23. Ke2 Nd7 24. Kd2 f5 25. f4 Kf7 26. Re1 Nf6 27. g3 Ng4 28. h3 Nf6 29. Re3 a5 30. b3 Nd7 31. Bf1 Nc5 32. Bg2 c6 33. a3 Ne6 34. h4 g5 35. hxg5 hxg5 36. fxg5 Rg8 37. Rd3 Ke7 38. Ke3 Rxg5 39. Kf3 Nc5 40. Re3+ Kf6 41. Kf2 Rg8 42. b4 axb4 43. axb4 Nd7 44. Ra3 Ne5 45. Ra7 Ng4+ 46. Kf3 Rg7 47. b5 cxb5 48. cxb5 Rc7 49. Bf1 Rxc2 50. Be2 Rc3+ 51. Kf4 Ne5 52. Bh5 Rb3 53. g4 Rb4+ 54. Kg3 Rxb5 55. gxf5 Kxf5 56. Bd1 Rb2 57. Ra8 b5 58. Rd8 Rd2 59. Bh5 b4 60. Rb8 Rb2 0-1

[Event "Corr"]
[Site "?"]
[Date "2000.06.20"]
[Round "?"]
[White "Perlo Gerardus van (NED)"]
[Black "Sprenger Ernst Hendrik (NLD)"]
[Result "1/2-1/2"]
[WhiteElo "2448"]
[BlackElo "2441"]
[PlyCount "73"]
[EventDate "2000.??.??"]
[Source "www.chesslib.no"]
[SourceDate "2004.05.04"]

1. e4 e5 2. Nf3 Nf6 3. Nc3 Bb4 4. Nxe5 O-O 5. Be2 Re8 6. Nd3 Bxc3 7. dxc3 Nxe4 8. Nf4 c6 9. c4 d6 10. O-O Nd7 11. Qd4 Ndf6 12. f3 Nc5 13. b4 Ne6 14. Nxe6 Bxe6 15. Bg5 c5 16. bxc5 dxc5 17. Qxc5 Nd7 18. Bxd8 Nxc5 19. Bh4 Bf5 20. Bd1 Rac8 21. Re1 Ne6 22. g4 Bg6 23. Rb1 b6 24. Rb4 f6 25. Bf2 Rcd8 26. c3 Nf4 27. Rxe8+ Bxe8 28. Bb3 Kf8 29. c5 Nh3+ 30. Kg2 Nxf2 31. Kxf2 bxc5 32. Rb7 Rd3 33. Rxa7 Rxc3 34. Rc7 g5 35. Rxh7 c4 36. Rc7 Bf7 37. Ke2 1/2-1/2

[Event "TCh-CHN Men, Suzhou, Jiangsu CHN"]
[Site "?"]
[Date "2001.??.??"]
[Round "8"]
[White "Zhao Jun"]
[Black "Yu Shaoteng"]
[Result "1/2-1/2"]
[WhiteElo "2395"]
[BlackElo "2490"]
[PlyCount "49"]
[EventDate "2001.??.??"]
[Source "www.chesslib.no"]
[SourceDate "2004.05.04"]

1. e4 e5 2. Nf3 Nf6 3. Nc3 Bb4 4. Nxe5 O-O 5. Be2 Re8 6. Nd3 Bxc3 7. dxc3 Nxe4 8. Nf4 c6 9. c4 d6 10. O-O Qf6 11. c3 Nd7 12. Be3 Ndc5 13. Qd4 Na4 14. b3 Naxc3 15. Bf3 Qxd4 16. Bxd4 c5 17. Bxc3 Nxc3 18. Rfc1 Ne4 19. Re1 Nf6 20. Nd5 Kf8 21. Nxf6 Rxe1+ 22. Rxe1 gxf6 23. Rd1 Ke7 24. Re1+ Kf8 25. Rd1 1/2-1/2

[Event "WJun, Athens GRE"]
[Site "?"]
[Date "2001.??.??"]
[Round "5"]
[White "Acs, P."]
[Black "Thorfinnsson, Br"]
[Result "1/2-1/2"]
[WhiteElo "2510"]
[BlackElo "2370"]
[PlyCount "48"]
[EventDate "2001.??.??"]
[Source "www.chesslib.no"]
[SourceDate "2004.05.04"]

1. e4 e5 2. Nf3 Nf6 3. Nc3 Bb4 4. Nxe5 Qe7 5. Nd3 Bxc3 6. dxc3 Nxe4 7. Be2 d5 8. O-O c6 9. Nf4 Bf5 10. c4 dxc4 11. Bxc4 Nd7 12. Qd4 O-O 13. Re1 Qc5 14. Qxc5 Nexc5 15. b4 Nb6 16. Bf1 Ne6 17. c3 Na4 18. Re5 Nxf4 19. Bxf4 Be6 20. c4 Rfd8 21. Rc1 Nb2 22. Rc5 Nd3 23. Bxd3 Rxd3 24. h3 Rad8 1/2-1/2

[Event "JUG-chT"]
[Site "Tivat"]
[Date "1995.??.??"]
[Round "7"]
[White "Certic, Branimir"]
[Black "Pajkovic, Vladimir"]
[Result "1-0"]
[WhiteElo "2450"]
[BlackElo "2430"]
[PlyCount "85"]
[EventDate "1995.??.??"]
[Source "ChessBase"]

1. e4 e5 2. Nf3 Nf6 3. Nc3 Bb4 4. Nxe5 O-O 5. Be2 Re8 6. Nd3 Bxc3 7. dxc3 Rxe4 8. O-O d5 9. Bf3 Re8 10. Bg5 c6 11. Re1 Be6 12. c4 Nbd7 13. cxd5 cxd5 14. Qd2 h6 15. Be3 Ne4 16. Qb4 Qc7 17. c3 Ndf6 18. Rad1 b6 19. Bf4 Qc4 20. Qxc4 dxc4 21. Ne5 Rad8 22. h4 g5 23. Rxd8 Rxd8 24. Nc6 Rd7 25. Bxe4 gxf4 26. Nd4 a6 27. Bf3 Rd6 28. Re5 Nd7 29. Re4 Nc5 30. Rxf4 Nd3 31. Nxe6 Rxe6 32. Rxc4 Nxb2 33. Rc7 b5 34. g4 Rf6 35. Bd5 Kg7 36. Be4 Nc4 37. Kg2 Nd2 38. Bd5 Nb1 39. Kg3 Nd2 40. f4 h5 41. g5 Rf5 42. Be6 Rc5 43. Rxf7+ 1-0

[Event "USA-China Summit"]
[Site "Seattle"]
[Date "2001.03.15"]
[Round "2.7"]
[White "Krush, Irina"]
[Black "Xu Yuhua"]
[Result "1/2-1/2"]
[WhiteElo "2380"]
[BlackElo "2500"]
[PlyCount "66"]
[EventDate "2001.03.14"]
[Source "ChessBase"]
[SourceDate "2001.05.17"]

1. e4 e5 2. Nf3 Nf6 3. Nc3 Bb4 4. Nxe5 O-O 5. Be2 Re8 6. Nd3 Bxc3 7. dxc3 Nxe4 8. O-O d6 9. f3 Ng5 10. Bf4 h6 11. Qd2 Nc6 12. Rfe1 Bf5 13. Bg3 Ne6 14. Bf1 Qf6 15. Re3 g5 16. Rae1 Qg6 17. h3 Ng7 18. Rxe8+ Rxe8 19. Rxe8+ Nxe8 20. Qe2 Ng7 21. Be1 a6 22. Bd2 Be6 23. b3 f5 24. g4 Bd7 25. Bg2 Ne6 26. Qe3 h5 27. gxf5 Qxf5 28. f4 gxf4 29. Nxf4 Nxf4 30. Qxf4 Qxf4 31. Bxf4 Bf5 32. Bf3 Bxh3 33. Bxh5 Bf5 1/2-1/2

[Event "Reykjavik zt 1.3"]
[Site "Reykjavik"]
[Date "2000.09.05"]
[Round "1.1"]
[White "Hector, Jonny"]
[Black "Gunnarsson, Jon Viktor"]
[Result "0-1"]
[WhiteElo "2509"]
[BlackElo "2368"]
[PlyCount "90"]
[EventDate "2000.09.05"]
[Source "ChessBase"]
[SourceDate "2000.11.21"]

1. e4 e5 2. Nf3 Nf6 3. Nc3 Bb4 4. Nxe5 O-O 5. Be2 Re8 6. Nd3 Bxc3 7. dxc3 Nxe4 8. Nf4 d6 9. O-O Nd7 10. c4 Nf8 11. a4 a5 12. Ra3 Bd7 13. Nh5 Bc6 14. Rh3 Ng6 15. Qd4 f6 16. Bd3 Nc5 17. Bh6 Nxd3 18. cxd3 gxh6 19. Nxf6+ Kf7 20. Nxe8 Qxe8 21. Re3 Qh8 22. Qg4 Qf6 23. Rfe1 Kg8 24. Re6 Qg5 25. Qxg5 hxg5 26. b3 d5 27. f3 d4 28. R6e2 Ra6 29. Rb2 Rb6 30. Rbb1 Kf7 31. Kf2 Nf4 32. Red1 Ne6 33. Kg3 Nc5 34. h4 Rxb3 35. Rxb3 Nxb3 36. hxg5 Bxa4 37. Rh1 Kg7 38. f4 Bd7 39. Re1 Kf7 40. Kf3 a4 41. Ke4 Bg4 42. f5 a3 43. Kf4 Bxf5 44. Re2 Bxd3 45. Ra2 Bxc4 0-1

[Event "Capablanca mem Premier II"]
[Site "Havana"]
[Date "2004.05.09"]
[Round "4"]
[White "Kallio, Heikki"]
[Black "Perea, Osmany"]
[Result "1/2-1/2"]
[WhiteElo "2484"]
[BlackElo "2392"]
[PlyCount "99"]
[EventDate "2004.05.06"]
[Source "Roberto Alvarez"]
[SourceDate "2004.05.24"]

1. e4 e5 2. Nf3 Nf6 3. Nc3 Bb4 4. Nxe5 O-O 5. Be2 Re8 6. Nd3 Bxc3 7. dxc3 Nxe4 8. O-O d6 9. Re1 Bf5 10. Bf1 Nd7 11. Be3 Ne5 12. f3 Nf6 13. Bf2 Qd7 14. b3 h6 15. Qd2 Nc6 16. c4 Rxe1 17. Rxe1 Re8 18. Nf4 Rxe1 19. Bxe1 b6 20. Nd5 Nxd5 21. cxd5 Ne7 22. c4 a5 23. a3 Bg6 24. b4 axb4 25. axb4 Kh7 26. g4 Ng8 27. Qd4 f5 28. h3 fxg4 29. hxg4 h5 30. gxh5 Bxh5 31. Qf4 Bg6 32. Bh4 Bf5 33. Qg5 Nf6 34. Kh2 Qc8 35. Bf2 Kg8 36. Bd4 Kf7 37. Kg3 Qd7 38. Bc3 Ne8 39. Kf2 Nf6 40. Be2 Bg6 41. Bd4 Qf5 42. Qxf5 Bxf5 43. Ke3 Bb1 44. Bc3 b5 45. Bxf6 Kxf6 46. c5 Ke5 47. cxd6 Kxd6 48. Kd4 Ba2 49. f4 Bxd5 50. Bxb5 1/2-1/2

[Event "AUT"]
[Site "?"]
[Date "1997.02.15"]
[Round "10"]
[White "Lau Ralf"]
[Black "Kummer Helmut"]
[Result "1-0"]
[WhiteElo "2495"]
[BlackElo "2380"]
[PlyCount "61"]
[EventDate "1997.??.??"]
[Source "www.chesslib.no"]
[SourceDate "2004.05.04"]

1. e4 e5 2. Nf3 Nf6 3. Nc3 Bb4 4. Nxe5 O-O 5. Be2 Re8 6. Nd3 Bxc3 7. dxc3 Nxe4 8. O-O d5 9. Re1 c6 10. Bf1 Bf5 11. f3 Nf6 12. Rxe8+ Qxe8 13. Bf4 Nbd7 14. Qd2 Qf8 15. Qf2 a6 16. g4 Bg6 17. Bg3 h6 18. h4 Qd8 19. Re1 Qa5 20. a3 Qa4 21. Bd6 c5 22. Bxc5 Nxc5 23. Nxc5 Qc6 24. Nb3 Re8 25. Nd4 Qd7 26. Bd3 Bxd3 27. cxd3 g6 28. Rxe8+ Qxe8 29. Qe2 Qd7 30. Qe5 Nxg4 31. Qf4 1-0